Cinéma : les plus gros succès du box-office par années - Statistiques

Statistiques générales
  • Ce quiz a été pris 1 022 fois
  • Le résultat moyen est 7 sur 52
Statistiques - réponses
Année Film % Correct
2009 Avatar
80%
1997 Titanic
77%
2012 Avengers
69%
1976 Rocky
42%
2019 Avengers : Endgame
41%
1972 Le Parrain
41%
2018 Avengers : Infinity War
29%
1993 Jurassic Park
26%
2022 Avatar : La Voie de l'Eau
20%
1994 le Roi Lion
20%
1985 Retour vers le Futur
19%
1974 Le Parrain 2
17%
1975 Les Dents de la Mer
17%
2013 la Reine des Neiges
16%
1986 Top Gun
16%
2021 Spider-man : No Way Home
14%
1995 Toy Story
13%
1978 Grease
10%
2001 Harry Potter à l'Ecole des Sorciers
10%
2003 Le Seigneur des Anneaux : Le Retour du Roi
10%
2002 Le Seigneur des Anneaux : Les Deux Tours
8%
1982 E.T, l'extra-terrestre
7%
2005 Harry Potter et la Coupe de Feu
7%
1992 Aladdin
6%
2016 Captain America : Civil War
5%
1990 Ghost
4%
1973 L'Exorciste
4%
2010 Toy Story 3
4%
1981 Les Aventuriers de l'Arche Perdue
3%
1988 Rain Man
3%
2004 Shrek 2
3%
2023 Super Mario Bros. le film
3%
1998 Armageddon
2%
1996 Independance Day
2%
1989 Indiana Jones et la Dernière Croisade
2%
1984 Indiana Jones et le Temple Maudit
2%
2000 Mission Impossible 2
2%
2006 Pirates des Caraïbes : Le Secret du Coffre Maudit
2%
2011 Harry Potter et les Reliques de la Mort : Deuxième partie
1%
1987 Liaison Fatale
1%
1979 Moonraker
1%
2007 Pirates des Caraïbes : Jusqu'au Bout du Monde
1%
1999 Star Wars, épisode I : La Menace Fantôme
1%
1977 Star Wars, épisode IV : Un Nouvel Espoir
1%
2017 Star Wars, épisode VIII : Les Derniers Jedi
1%
2015 Star Wars, épisode VII : Le Réveil de la Force
1%
1983 Star Wars, épisode VI : Le Retour du Jedi
1%
1980 Star Wars, épisode V : L'Empire Contre-Attaque
1%
1991 Terminator 2 : Le Jugement Dernier
1%
2008 The Dark Knight : Le Chevalier Noir
1%
2014 Transformers : l'Age de l'Extinction
1%
2020 La Brigade des 800
0%
Aucun quiz correspondant
Distribution des résultats
% des personnes avec chaque résultat
Percentile par nombre de réponses
Votre historique - résultats
Vous n’avez pas pris ce quiz